| 000 | 00675cam a2200229 i 4500 | ||
|---|---|---|---|
| 001 | 1810258 | ||
| 005 | 20171219085639.0 | ||
| 008 | 800515s1979 azua b 000 0 eng | ||
| 010 | _a 79052509 | ||
| 020 |
_a0873582055 : _c$20.00 |
||
| 040 |
_aDLC _cDLC _dDLC |
||
| 041 | _aeng | ||
| 043 |
_an-us-ca _an-ust-- |
||
| 080 | _a779.3 BAE | ||
| 082 | 0 | 0 |
_a779.3 BAE _220 |
| 100 | 1 | _a44 | |
| 101 | _aART | ||
| 245 | 1 | 0 |
_aRoom and time enough : _cphotos. by Morley Baer ; introd. by Augusta Fink ; lines by Mary Austin. |
| 504 | _aIncludes bibliographical references. | ||
| 906 |
_a7 _bcbc _corignew _d2 _eocip _f19 _gy-gencatlg |
||
| 942 |
_2ddc _cBK |
||
| 999 |
_c39184 _d39184 |
||